000 00310nam a22001217a 4500
999 _c8083
_d8083
008 200706b ||||| |||| 00| 0 eng d
020 _a9788193232989
082 _a729
_bCHR
100 _aChristopher Charles Benninger
245 _aTimeless Living Houses Under the Sun
260 _bBorder Books
942 _2ddc